000
00289nam a2200109Ia 4500
008
171211s9999 xx 000 0 und d
245
_a
Shotokan Karate Kata 1
245
_c
Joachim Grupp
260
_c
2010
650
_x
Martial Arts
856
_u
http://down.ebook777.com/056/3898993256.pdf
999
_c
348224
_d
348224